Tenants disadvantaged by rules on homeworking (Record no. 70019)
[ view plain ]
| 000 -LEADER | |
|---|---|
| fixed length control field | 00901cam a2200217 4500 |
| 001 - CONTROL NUMBER | |
| control field | WB3814-18 |
| 008 - FIXED-LENGTH DATA ELEMENTS--GENERAL INFORMATION | |
| fixed length control field | 020418n2002 000 0 eng u |
| 035 ## - SYSTEM CONTROL NUMBER | |
| System control number | (Sirsi) u117577 |
| 245 ## - TITLE STATEMENT | |
| Title | Tenants disadvantaged by rules on homeworking |
| 260 ## - PUBLICATION, DISTRIBUTION, ETC. | |
| Date of publication, distribution, etc. | 2002 |
| 490 ## - SERIES STATEMENT | |
| Series statement | Joseph Rowntree Foundation Press Release |
| Volume/sequential designation | 17 April 2002, (2) |
| 520 ## - SUMMARY, ETC. | |
| Summary, etc. | Report for Joseph Rowntree Foundation finds social landlords are excluding their tenants from the possible benefits of being able to work from home. Of 25 organisation surveyed, few gave tenants permission to work from home, though most choose to ignore this. For the press release: http://www.jrf.org.uk/pressroom/releases/170402.asp |
| 590 ## - LOCAL NOTE (RLIN) | |
| Local note | WB |
| 650 ## - SUBJECT ADDED ENTRY--TOPICAL TERM | |
| Topical term or geographic name entry element | SOCIAL HOUSING |
| 650 ## - SUBJECT ADDED ENTRY--TOPICAL TERM | |
| Topical term or geographic name entry element | TENANTS |
| 650 ## - SUBJECT ADDED ENTRY--TOPICAL TERM | |
| Topical term or geographic name entry element | SOCIAL LANDLORDS |
| 650 ## - SUBJECT ADDED ENTRY--TOPICAL TERM | |
| Topical term or geographic name entry element | HOUSING BENEFIT |
| 650 ## - SUBJECT ADDED ENTRY--TOPICAL TERM | |
| Topical term or geographic name entry element | HOME WORKING |
| 690 ## - LOCAL SUBJECT ADDED ENTRY--TOPICAL TERM (OCLC, RLIN) | |
| Topical term or geographic name as entry element | Affordable housing |
| 9 (RLIN) | 6215 |
| 942 ## - ADDED ENTRY ELEMENTS (KOHA) | |
| Suppress in OPAC | 0 |
| Withdrawn status | Lost status | Source of classification or shelving scheme | Damaged status | Not for loan | Home library | Current library | Shelving location | Date acquired | Total Checkouts | Full call number | Barcode | Date last seen | Copy number | Price effective from | Koha item type |
|---|---|---|---|---|---|---|---|---|---|---|---|---|---|---|---|
| Dewey Decimal Classification | London | London | News article | 18/04/2002 | WB3814-18 | 117577-1001 | 06/08/2019 | 1 | 06/08/2019 | News article |